00000000nam##2200000za#4500
0019.623451
003CaOODSP
00520200327174419
007ta
008150406|1994||||xxc|||||     f|0| 0 fre|d
020 |a0-662-80435-X
022 |a1188-7990
040 |aCaOODSP|bfre
043 |an-cn---
0861 |aEn1-17/14-1994F
1101 |aCanada. |bEnvironnement Canada. |bService de la protection de l'environnement.
24510|aEaux usées industrielles: bioréacteur à membrane ZénoGem pour le traitement de résidus huileux / |cpar Ronald Zaloum.
260 |aMontréal - Québec : |bEnvironnement Canada. |c1994.
300 |a4p. : |bfigures en couleur, tableaux ; |c28 cm.
4901 |aTechnologies Saint-Laurent|x1188-7990
563 |aDépliant
590 |a95-29|b1995-07-21
69107|aGestion des déchets|2gcpds
69107|aPollution de l'eau|2gcpds
7201 |aZaloum, Ronald
77508|tIndustrial wastewater: ZenoGem membrane bioreactor for the treatment of oily wastes / |w(CaOODSP)9.612475
7760#|tEaux usées industrielles. Bioréacteur à membrane ZénoGem pour le traitement de résidus huileux |w(CaOODSP)9.601848
830#0|aTechnologies Saint-Laurent,|x1188-7990|w(CaOODSP)9.512939